[Event "GER-chT U20 Girls"]
[Site "Pori"]
[Date "2004.12.29"]
[Round "5.1"]
[White "Beltz, Franziska"]
[Black "Janotta, Steffi"]
[Result "0-1"]
[WhiteElo "1972"]
[BlackElo "1903"]
[PlyCount "68"]
[EventDate "2004.12.27"]
[EventType "team"]
[EventRounds "7"]
[EventCountry "GER"]
[SourceTitle "EXT 2006"]
[Source "ChessBase"]
[SourceDate "2005.11.24"]
[SourceVersion "1"]
[SourceVersionDate "2005.11.24"]
[SourceQuality "1"]

1. e4 d6 2. d4 Nf6 3. Nc3 g6 4. Nf3 Bg7 5. Be2 0-0 6. 0-0 Nc6 7. h3 e5 8. Be3 exd4 9. Nxd4 Re8 10. Bd3 Bd7 11. Qd2 Nh5 12. Nde2 Ne7 13. Bd4 Nf6 14. Rae1 a6 15. Ng3 c5 16. Be3 Bc6 17. Be2 b6 18. Bg5 Qc7 19. Rd1 d5 20. Bxf6 Bxf6 21. Nxd5 Bxd5 22. exd5 Qe5 23. c3 Bh4 24. f4 Qxd5 25. Qxd5 Nxd5 26. Rxd5 Bxg3 27. Bf3 Bxf4 28. Rd7 Rad8 29. Rb7 Rd6 30. c4 Rf6 31. Rd1 Bg3 32. Bd5 Re2 33. Rf1 Rxf1+ 34. Kxf1 Re1# 0-1

[Event "GER-chT U20 Girls"]
[Site "Pori"]
[Date "2004.12.29"]
[Round "6.1"]
[White "Vaideslaver, Olga"]
[Black "Janotta, Steffi"]
[Result "1-0"]
[WhiteElo "1877"]
[BlackElo "1903"]
[PlyCount "187"]
[EventDate "2004.12.27"]
[EventType "team"]
[EventRounds "7"]
[EventCountry "GER"]
[SourceTitle "EXT 2006"]
[Source "ChessBase"]
[SourceDate "2005.11.24"]
[SourceVersion "1"]
[SourceVersionDate "2005.11.24"]
[SourceQuality "1"]

1. Nf3 d5 2. g3 c6 3. Bg2 Nf6 4. 0-0 Bf5 5. d3 e6 6. h3 Be7 7. Nh4 Bg6 8. Nxg6 hxg6 9. e4 Qb6 10. Nd2 Nbd7 11. Rb1 a5 12. a4 Nc5 13. b3 Nh5 14. Kh2 Bf6 15. Qe2 0-0 16. e5 Be7 17. Nf3 d4 18. Bd2 g5 19. Nxd4 g6 20. Qg4 Rad8 21. Nf3 Na6 22. Bxg5 Qc7 23. Qh4 Rfe8 24. Bxe7 Qxe7 25. Qxe7 Rxe7 26. Rfe1 Ng7 27. g4 Ne8 28. Ng5 Nc5 29. Rbd1 Red7 30. Nf3 Nc7 31. d4 N5a6 32. c3 Nd5 33. Rc1 Kg7 34. Nd2 Rh8 35. Nc4 Nf4 36. Bf1 Nc7 37. Nxa5 Ncd5 38. Nc4 Rdd8 39. Kg3 Rh7 40. Ne3 g5 41. Nxd5 exd5 42. Re3 Rdh8 43. Kh2 Kf8 44. a5 Ke7 45. b4 Ke6 46. Rb1 Ra8 47. Bd3 Nxd3 48. Rxd3 Rh6 49. Kg3 Rah8 50. Kg2 Ra8 51. Rf1 f6 52. exf6 Rxf6 53. Re3+ Kd6 54. Re5 Rg8 55. Kg3 Rgf8 56. Rxg5 Rf3+ 57. Kg2 Rxc3 58. h4 Rc4 59. h5 Rxd4 60. h6 Ke6 61. Re1+ Kf7 62. Rg7+ Kf6 63. g5+ Kf5 64. f3 Rh4 65. Rh1 Rxh1 66. Kxh1 d4 67. Kg1 d3 68. Rd7 Kxg5 69. Rxd3 Kxh6 70. Kf2 Rf7 71. Rd4 Kg5 72. Ke3 Re7+ 73. Re4 Rd7 74. Rd4 Rh7 75. f4+ Kf5 76. Kd3 Rh1 77. Kc3 Rc1+ 78. Kb2 Rf1 79. Rd7 Rxf4 80. Rxb7 Ke5 81. Kc3 Kd5 82. Rd7+ Ke6 83. Rd4 Rf1 84. Rd2 Rc1+ 85. Rc2 Rd1 86. Re2+ Kf6 87. Rd2 Rc1+ 88. Rc2 Rd1 89. Kc4 Ke6 90. Kc5 Kd7 91. Kb6 Rb1 92. Rc4 Rb2 93. a6 c5 94. a7 1-0

[Event "GER-chT U20 Girls"]
[Site "Pori"]
[Date "2004.12.27"]
[Round "2.1"]
[White "Janotta, Steffi"]
[Black "Schulz, Stefanie"]
[Result "0-1"]
[WhiteElo "1903"]
[BlackElo "1988"]
[PlyCount "102"]
[EventDate "2004.12.27"]
[EventType "team"]
[EventRounds "7"]
[EventCountry "GER"]
[SourceTitle "EXT 2006"]
[Source "ChessBase"]
[SourceDate "2005.11.24"]
[SourceVersion "1"]
[SourceVersionDate "2005.11.24"]
[SourceQuality "1"]

1. e4 c5 2. Nf3 Nc6 3. d4 cxd4 4. Nxd4 g6 5. c4 Bg7 6. Be3 d6 7. Nc3 Nf6 8. Be2 0-0 9. 0-0 a5 10. b3 Bd7 11. Qd2 Nxd4 12. Bxd4 Bc6 13. f3 Nd7 14. Be3 Nc5 15. Rab1 Qd7 16. Rfc1 Rfc8 17. Rc2 Qd8 18. a3 b6 19. b4 Nd7 20. Nd5 Bxd5 21. Qxd5 axb4 22. axb4 Ra7 23. f4 Rca8 24. c5 dxc5 25. e5 e6 26. Qd1 cxb4 27. Rxb4 Ra1 28. Rc1 Rxc1 29. Qxc1 Bf8 30. Rc4 Bc5 31. Bxc5 Nxc5 32. Qb2 Ra4 33. Rxa4 Nxa4 34. Qb4 Qd7 35. h3 Qc6 36. Kh2 Nc3 37. Bf3 Qc5 38. Qb2 Qe3 39. Qb4 Nd5 40. Bxd5 exd5 41. h4 Qe4 42. Qd2 h5 43. g3 d4 44. Kg1 b5 45. Qa5 Qd5 46. Kf2 Kg7 47. Qb6 d3 48. Ke1 Qe4+ 49. Kd2 Qe2+ 50. Kc3 Qc2+ 51. Kd4 d2 0-1

[Event "Mecklenburg VP LL1 0405"]
[Site "Mecklenburg VP"]
[Date "2004.11.28"]
[Round "3.2"]
[White "Schwarz, Eckhard"]
[Black "Janotta, Steffi"]
[Result "0-1"]
[WhiteElo "1878"]
[BlackElo "1818"]
[PlyCount "102"]
[EventDate "2004.10.24"]
[EventType "team"]
[EventRounds "9"]
[EventCountry "GER"]
[SourceTitle "EXT 2009"]
[Source "ChessBase"]
[SourceDate "2008.11.26"]
[SourceVersion "1"]
[SourceVersionDate "2008.11.26"]
[SourceQuality "1"]
[WhiteTeam "Waterkant Saal SV"]
[BlackTeam "Stralsund TSV"]
[WhiteTeamCountry "GER"]
[BlackTeamCountry "GER"]

1. Nf3 d5 2. b3 Nf6 3. Bb2 Bf5 4. e3 e6 5. Be2 c5 6. Nh4 Bg6 7. c4 d4 8. d3 Nc6 9. Nxg6 hxg6 10. e4 Bd6 11. g3 Nh5 12. Bxh5 gxh5 13. f4 h4 14. Qf3 Nb4 15. e5 Bc7 16. Kd1 hxg3 17. Ba3 Rxh2 18. Bxb4 cxb4 19. Qxb7 Rb8 20. Qc6+ Kf8 21. Nd2 Qh4 22. Kc2 Rxd2+ 23. Kxd2 Qxf4+ 24. Kd1 Bxe5 25. Qe4 Ke7 26. a3 Qxe4 27. dxe4 bxa3 28. Rxa3 Rb7 29. b4 Rxb4 30. Rxa7+ Kd6 31. Ke2 f5 32. Ra6+ Ke7 33. exf5 exf5 34. c5 Rc4 35. c6 Kd6 36. Rh5 Rxc6 37. Rxc6+ Kxc6 38. Rxf5 Kd6 39. Rg5 Ke6 40. Rh5 g6 41. Rh1 Kf6 42. Kf3 g5 43. Rh5 Bf4 44. Rh8 d3 45. Rf8+ Ke6 46. Ra8 Kd5 47. Ra4 d2 48. Ra1 Kc4 49. Ke2 Kc3 50. Rg1 Kc2 51. Ra1 g2 0-1

[Event "GER-ch U18 Girls"]
[Site "Willingen"]
[Date "2004.06.04"]
[Round "9"]
[White "Janotta, Steffi"]
[Black "Schmidt, Jade"]
[Result "1/2-1/2"]
[WhiteElo "1929"]
[BlackElo "1699"]
[PlyCount "148"]
[EventDate "2004.06.??"]
[EventType "swiss"]
[EventRounds "9"]
[EventCountry "GER"]
[SourceTitle "EXT 2005"]
[Source "ChessBase"]
[SourceDate "2004.11.15"]
[SourceVersion "1"]
[SourceVersionDate "2004.11.15"]
[SourceQuality "1"]

1. e4 c5 2. Nf3 d6 3. d4 cxd4 4. Nxd4 Nf6 5. Nc3 Nc6 6. Bg5 a6 7. Bxf6 gxf6 8. Bc4 e6 9. Qd2 Bd7 10. 0-0-0 b5 11. Bb3 Qb6 12. Nxc6 Bxc6 13. Rhe1 0-0-0 14. Kb1 Qc5 15. f3 h5 16. Ne2 Bh6 17. Qa5 Kb7 18. Nd4 Bd7 19. c3 Rc8 20. Rd3 Rhg8 21. g3 h4 22. f4 Rg4 23. Red1 Bf8 24. R1d2 hxg3 25. hxg3 Be7 26. Bd1 Rgg8 27. Nb3 Qg1 28. Qb4 Ka7 29. Qd4+ Qxd4 30. Nxd4 Kb6 31. g4 Rh8 32. Nf3 Bc6 33. Re3 Rh3 34. Rh2 Rch8 35. Rxh3 Rxh3 36. f5 Rg3 37. fxe6 fxe6 38. Kc1 Bf8 39. Re1 Bh6+ 40. Nd2 Rg2 41. Re2 Rxe2 42. Bxe2 Bxe4 43. Kd1 Bxd2 44. Kxd2 Bd5 45. a3 Kc5 46. Ke3 Bc4 47. Bd1 a5 48. b4+ axb4 49. axb4+ Kd5 50. Kf4 e5+ 51. Ke3 Ke6 52. Bc2 Bd5 53. Bd3 Bc6 54. Bf5+ Kf7 55. Kd2 Bd5 56. Ke3 Bc4 57. Kd2 Kg7 58. Ke3 d5 59. Bd7 Kh6 60. Bf5 Kg5 61. Bd7 Kh4 62. Bf5 Kg3 63. Bd7 Kg2 64. Bf5 Kf1 65. Bg6 Ke1 66. Bc2 Be2 67. Bb3 Bxg4 68. Bxd5 f5 69. c4 f4+ 70. Ke4 f3 71. Kxe5 f2 72. Bg2 bxc4 73. Kd4 Be2 74. Kc3 f1Q 1/2-1/2

[Event "GER-ch U18 Girls"]
[Site "Willingen"]
[Date "2004.06.03"]
[Round "8"]
[White "Ratner, Susanna"]
[Black "Janotta, Steffi"]
[Result "1-0"]
[WhiteElo "1495"]
[BlackElo "1929"]
[PlyCount "99"]
[EventDate "2004.06.??"]
[EventType "swiss"]
[EventRounds "9"]
[EventCountry "GER"]
[SourceTitle "EXT 2005"]
[Source "ChessBase"]
[SourceDate "2004.11.15"]
[SourceVersion "1"]
[SourceVersionDate "2004.11.15"]
[SourceQuality "1"]

1. e4 e5 2. Nf3 Nc6 3. Bc4 Nf6 4. d3 Bc5 5. c3 d6 6. h3 0-0 7. 0-0 Ne7 8. Re1 Ng6 9. Bg5 h6 10. Be3 Bb6 11. Nbd2 Be6 12. Bb3 Qd7 13. Nf1 Nf4 14. Bxf4 exf4 15. d4 Rae8 16. d5 Bxh3 17. gxh3 Nxe4 18. Nd4 Re5 19. Kh2 g6 20. Qg4 Qxg4 21. hxg4 Nxf2 22. Nf3 Nxg4+ 23. Kh3 Rxe1 24. Rxe1 Ne3 25. Nxe3 Bxe3 26. Ba4 Kg7 27. Nh4 a6 28. c4 Kf6 29. Ng2 Bd4 30. Re4 Bxb2 31. Rxf4+ Ke5 32. Rf2 Bc1 33. Nh4 b5 34. Nxg6+ fxg6 35. Rxf8 bxa4 36. Rf7 Kd4 37. Rxc7 Kc3 38. c5 Bf4 39. cxd6+ Kb2 40. Rb7+ Kxa2 41. d7 Bg5 42. Rb8 a3 43. d8Q Bxd8 44. Rxd8 Kb3 45. Ra8 Kc4 46. d6 Kb5 47. d7 a2 48. d8Q a1Q 49. Qd5+ Kb6 50. Rb8+ 1-0

[Event "GER-ch U18 Girls"]
[Site "Willingen"]
[Date "2004.06.01"]
[Round "6"]
[White "Janotta, Steffi"]
[Black "Wolk, Friederike"]
[Result "0-1"]
[WhiteElo "1929"]
[BlackElo "1992"]
[PlyCount "104"]
[EventDate "2004.06.??"]
[EventType "swiss"]
[EventRounds "9"]
[EventCountry "GER"]
[SourceTitle "EXT 2005"]
[Source "ChessBase"]
[SourceDate "2004.11.15"]
[SourceVersion "1"]
[SourceVersionDate "2004.11.15"]
[SourceQuality "1"]

1. e4 c5 2. Nf3 Nc6 3. d4 cxd4 4. Nxd4 g6 5. c4 Bg7 6. Be3 d6 7. Nc3 Nf6 8. Be2 0-0 9. 0-0 Bd7 10. f3 Nxd4 11. Bxd4 Bc6 12. Rc1 a5 13. Qd2 a4 14. Rfd1 Nd7 15. Bxg7 Kxg7 16. Nd5 Re8 17. Qd4+ Kg8 18. Rc3 Qa5 19. f4 Bxd5 20. cxd5 Rec8 21. Rdc1 Rxc3 22. Rxc3 Nc5 23. f5 Nd7 24. g4 Ne5 25. Qe3 Qd8 26. Qc1 Qb6+ 27. Kf1 Qd4 28. Qh6 Nd7 29. g5 Qxe4 30. Rf3 Qb1+ 31. Kf2 Qxb2 32. Qh4 gxf5 33. Rxf5 Qg7 34. Qb4 Nc5 35. Kg2 Qg6 36. Qf4 Rf8 37. h4 Qg7 38. h5 e6 39. Rf6 e5 40. Qf5 Rd8 41. h6 Qf8 42. Bh5 Rd7 43. g6 hxg6 44. h7+ Kxh7 45. Bxg6+ Kg8 46. Bh7+ Kh8 47. Rg6 fxg6 48. Qxf8+ Kxh7 49. Qe8 Kg7 50. Kh3 Rf7 51. Kg4 Ne4 52. Qxa4 Rf4+ 0-1

[Event "BL 0304 (Women)"]
[Site "Germany"]
[Date "2004.04.18"]
[Round "11.4"]
[White "Lauterbach, Ingrid"]
[Black "Janotta, Steffi"]
[Result "1/2-1/2"]
[WhiteElo "2148"]
[BlackElo "1653"]
[PlyCount "48"]
[EventDate "2003.11.29"]
[EventType "team-tourn"]
[EventRounds "11"]
[EventCountry "GER"]
[SourceTitle "EXT 2005"]
[Source "ChessBase"]
[SourceDate "2004.11.15"]
[SourceVersion "1"]
[SourceVersionDate "2004.11.15"]
[SourceQuality "1"]
[WhiteTeam "Karlsruhe"]
[BlackTeam "Torgelow"]
[WhiteTeamCountry "GER"]
[BlackTeamCountry "GER"]

1. Nf3 d5 2. g3 Nf6 3. Bg2 c6 4. d3 Bf5 5. Nbd2 h6 6. 0-0 e6 7. b3 Be7 8. Bb2 0-0 9. Qc1 a5 10. a3 Nbd7 11. c4 Qc7 12. cxd5 exd5 13. Nd4 Bh7 14. N2f3 Rfe8 15. Rb1 Bf8 16. Ba1 c5 17. Nb5 Qb6 18. Nc3 Qa6 19. Re1 Rac8 20. Nd2 Nb6 21. a4 d4 22. Nb5 Nbd5 23. Nc4 Nb4 24. h3 Rc6 1/2-1/2

[Event "BL 0304 (Women)"]
[Site "Germany"]
[Date "2004.03.14"]
[Round "9.4"]
[White "Janotta, Steffi"]
[Black "Leib, Britta"]
[Result "0-1"]
[WhiteElo "1653"]
[BlackElo "2045"]
[PlyCount "96"]
[EventDate "2003.11.29"]
[EventType "team-tourn"]
[EventRounds "11"]
[EventCountry "GER"]
[SourceTitle "EXT 2005"]
[Source "ChessBase"]
[SourceDate "2004.11.15"]
[SourceVersion "1"]
[SourceVersionDate "2004.11.15"]
[SourceQuality "1"]
[WhiteTeam "Torgelow"]
[BlackTeam "Kiel"]
[WhiteTeamCountry "GER"]
[BlackTeamCountry "GER"]

1. e4 e6 2. d4 d5 3. e5 c5 4. c3 Nc6 5. Nf3 Qb6 6. a3 a5 7. Bd3 Bd7 8. 0-0 cxd4 9. cxd4 Nxd4 10. Nxd4 Qxd4 11. Nc3 Qxe5 12. Re1 Qd6 13. Qf3 Nf6 14. Bf4 Qb6 15. Be5 Be7 16. Qh3 h5 17. Re2 Kf8 18. Rae1 Bc6 19. Qg3 Rc8 20. Qf4 Qd8 21. h3 Nd7 22. Bd4 Bg5 23. Qg3 Bf6 24. Be3 h4 25. Qd6+ Qe7 26. Bf4 Qxd6 27. Bxd6+ Be7 28. Bf4 Nc5 29. Bb1 Bd8 30. b4 Na4 31. Na2 Bb5 32. Re3 Ke8 33. Be5 f6 34. Bg6+ Ke7 35. Bd4 e5 36. f4 e4 37. Rd1 Rc4 38. Ba1 Bb6 39. Kf2 Bxe3+ 40. Kxe3 Rc2 41. Nc1 axb4 42. axb4 Rxg2 43. Bf5 Rd8 44. Bg4 Nb2 45. Re1 Ra8 46. Kd4 Kd6 47. Nb3 Ra3 48. Re3 Bc4 0-1